Inauguración del ferrocarril de Barcelona a Mataró en el año 1848 : ensayo de retransmisión retrospectiva ensayo de retransmisión retrospectiva
Publicado:
Barcelona Divulgación Histórica, tomo 3, no. 31 (1947), pàg. 206 - 217 :
Descripción Física:
22 cm
MARC
| LEADER | 00000nam a2200000Ia 4500 | ||
|---|---|---|---|
| 001 | 21952 | ||
| 008 | 160829s9999 xx 000 0 cat d | ||
| 080 | |a FU-47-61 | ||
| 245 | |a Inauguración del ferrocarril de Barcelona a Mataró en el año 1848 : |b ensayo de retransmisión retrospectiva | ||
| 260 | |a Barcelona Divulgación Histórica, tomo 3, no. 31 (1947), pàg. 206 - 217 | ||
| 300 | |a 22 cm | ||
| 590 | |a Separata de: Barcelona Divulgación Histórica, textos del Boletín semanal radiado desde la emisora Radio Barcelona por el Instituto Municipal de Historia de la Ciudad. | ||
| 590 | |a Prové de 2556, exp. 1 | ||
| 650 | |a Ferrocarrils |x Barcelona |9 47122 | ||
| 650 | |a Ferrocarrils |x Mataró |9 47123 | ||
| 901 | |a Arxiu | ||
| 942 | |n 1 | ||
| 952 | |0 0 |1 0 |4 0 |6 FU4761 |7 1 |9 53711 |a Arxiu |b Arxiu |d 2016-12-01 |l 0 |o FU-47-61 |p 21952 |r 2016-12-01 00:00:00 |w 2016-12-01 |y ARXIU | ||
| 999 | |c 57577 |d 57577 | ||